2000 1432 1705 1171 1950 1212 1447 1319 1775 1855 1393 1056 1093 1262 1607 1360 1490 1978 1271 1311 1228 1760 1045 1347 1497 1716 1829 1042 1779 1436 1642 1993 1589 1328 1119 1079 1162 1022 1918 1027 1571 1305 1516 1321 1653 1682 1554 1427 1644 1001 1393 1110 1920 1764 1502 1251 1535 1471 1905 1346 1550 1852 1702 1246 1032 1109 1328 1983 1353 1083 1538 1927 1892 1124 1190 1354 1499 1844 1483 1546 1337 1941 1876 1913 1669 1082 1331 1280 1407 1019 1876 1336 1579 1575 1269 1576 1777 1270 1440 BCNSPRNW ULIB Ver.6.0+V

เปลี่ยนเป็นภาษาไทย

Change to English
 แสดงรายละเอียดบรรณานุกรม
  กลับหน้าหลัก

Brief Record : Get Marc (ISO 2709) : E-mail record : QR code < ปิดหน้าต่าง
LEADER : 00000nam 2200000uu 4500
001    13399127416
003     ULIB
008    200520s2562||||th 000 0 tha d
020 ^  ^a9786160035779
050 ^  ^aนว^bณ429ณ
100 0  ^aณารา.
245 ^  ^aณ ปลายรุ้งฉันจะรอเธอ =^bOver the rainbow /^cณารา.
246 3  ^aOver the rainbow
250 ^  ^aพิมพ์ครั้งที่ 1.
260 ^  ^aกรุงเทพฯ :^bพิมพ์คำ,^c2562.
300 ^  ^a552 หน้า ;^c21 ซม.
945    ^p380^l0^i007090
999    ^aประนอม เกษจรัล
รายการนี้ยังไม่มีแท็ก
คุณยังไม่ได้ล็อกอิน คุณสามารถมีกิจกรรมร่วมกับเว็บไซต์ได้ แต่ต้องล็อกอินก่อน ::
  ล็อกอิน

รายการสื่อสารสนเทศ

ลำดับที่ ประเภท เลขเรียก/บาร์โค้ด สถานที่ สถานะ
1. นวนิยาย
นวนิยาย
นว ณ429ณ ฉ.1 
  Barcode: 007090
ห้องสมุดวิทยาเขตสวรรค์ประชารักษ์
►หนังสือทั่วไป
บนชั้น

รายการใกล้เคียง
    ผู้แต่ง [ณารา.]

BibComment


ยังไม่เคยถูกคอมเมนท์

คอมเมนท์ทรัพยากรรายการนี้
  คอมเมนท์: ณ ปลายรุ้งฉันจะร..


 Copyright 2026. Bcnsprnw @Library